00551nam a2200157Ia 4500008004100000041001200041082001600053100001800069245005400087260003900141300000800180650001600188942000700204999001300211952016900224221030s9999 xx 000 0 und d aEnglish a105.23bMil aD. Millington 0aSystem Analysis & Design For Computer Application bJohn Willey & SonsaNew Yorkc1983 a224 aBE Computer cBK c964d964 pBE 04g224.00l0o105.23 Milr2022-10-30 00:00:00w2022-10-30yBK003Print4070aMIETLIBbMIETLIBcBL-Academic Block A, FL-1, CUP-85, SH-4, R-4d1996-10-0810HBE